000 00346 a2200169 4500
001 182855
020 _a85-03-00696-0
040 _cMagnum
100 _aGullar, Ferreira
240 1 0 _aToda poesia
_lpor
245 1 0 _aToda poesia
300 _a511
362 0 _a2000
440 1 _aJosé Olympio
697 _aLITERATURA GERAL
942 _cBK
999 _c182855
_d182855